New Product Viability Study (Record no. 69277)

MARC details
000 -LEADER
fixed length control field 00357nam a2200145Ia 4500
008 - FIXED-LENGTH DATA ELEMENTS--GENERAL INFORMATION
fixed length control field 221007s9999 xx 000 0 und d
041 ## - LANGUAGE CODE
Language code of text/sound track or separate title eng
082 ## - DEWEY DECIMAL CLASSIFICATION NUMBER
Item number MIR
100 ## - MAIN ENTRY--PERSONAL NAME
Personal name Mirasdar R K (2k61032)
9 (RLIN) 102119
245 ## - TITLE STATEMENT
Title New Product Viability Study
260 ## - PUBLICATION, DISTRIBUTION, ETC. (IMPRINT)
Date of publication, distribution, etc. 2008
Name of publisher, distributor, etc. Pune University
Place of publication, distribution, etc. Pimpri
300 ## - PHYSICAL DESCRIPTION
Extent 66p
520 ## - SUMMARY, ETC.
Summary, etc. Mamarde R K
906 ## - LOCAL DATA ELEMENT F, LDF (RLIN)
b General
Holdings
Withdrawn status Lost status Damaged status Not for loan Home library Current library Date acquired Vendor Total Checkouts Full call number Barcode Date last seen Bill Date Koha item type Original Barcode
        Smt. Hiraben Nanavati Institute of Management & Research for Women Smt. Hiraben Nanavati Institute of Management & Research for Women 20/11/2008 HNIMR   MIR HIMR-PR-277 07/10/2022 20/11/2008 Project Reports PR0277